Θεμελιώδεις αρχές συστημάτων βάσεων δεδομένων

Saved in:
Bibliographic Details
Main Author: Elmasri, Ramez
Other Authors: Navathe, Sham, Χατζόπουλος, Μιχάλης (Translator, Editor), Γκούσκος, Δημήτρης (Editor), Βασιλάκης, Κώστας (Editor)
Format: Book
Language:Greek
English
Published: Αθήνα : Δίαυλος, c1996-1998.
Edition:2η εκδ.
Subjects:
Tags: Add Tag
No Tags, Be the first to tag this record!

MARC

LEADER 00000cam a2200000 i 4500
001 1/92914
008 990122m19961998gr | ||| |||| ||gre||
020 |a 9605310236   |q (τ. 1) 
020 |a 9605310244   |q (τ. 2) 
020 |a 9605310252   |q (set) 
035 |l 10054224 
040 |a GR-MyUa  |b gre  |e AACR2 
041 1 |a gre  |h eng 
082 7 |a 005.74   |2 (22) 
100 1 |a Elmasri, Ramez. 
245 1 0 |a Θεμελιώδεις αρχές συστημάτων βάσεων δεδομένων /   |c Elmasri, Navathe ; μετάφραση και επιστημονική επιμέλεια Μιχάλης Χατζόπουλος ; μεταφραστική επιμέλεια Δημήτρης Γκούσκος.  
250 |a 2η εκδ.  
260 |a Αθήνα :   |b Δίαυλος,   |c c1996-1998.  
300 |a 2 τ. ;   |c 25 εκ.  
500 |a τ.2. - 1η έκδ. 
500 |a Τίτλος πρωτοτύπου: Fundamentals of database systems, 2nd ed. 
504 |a Περιέχει βιβλιογραφία και ευρετήριο. 
650 0 |a System design. 
650 0 |a Data structures (Computer science) 
650 0 |a Database management. 
650 0 |a Database design. 
700 1 |a Navathe, Sham. 
700 1 |a Χατζόπουλος, Μιχάλης,  |e trl  |e edt 
700 1 |a Γκούσκος, Δημήτρης,  |e edt 
700 1 |a Βασιλάκης, Κώστας,  |e edt 
852 |a INST  |b RHODES  |e 19990129  |h 005.74 ELM  |p 005400005513  |q 005400005513  |t BK  |y 12  |z τ.2 
852 |a INST  |b RHODES  |e 19990122  |h 005.74 ELM  |p 005400005809  |q 005400005809  |t BK  |y 0  |z τ.1 
852 |a INST  |b RHODES  |e 19990129  |h 005.74 ELM  |p 005400005513  |q 005400005513  |t BK  |v τ.2:  |y 12  |z τ.2 
852 |a INST  |b RHODES  |e 19990122  |h 005.74 ELM  |p 005400005809  |q 005400005809  |t BK  |v τ.1:  |y 0  |z τ.1 
852 |a INST  |b SAMOS  |e 19991118  |h 005.74 ELM  |p 005300016693  |q 005300016693  |t BK  |y 23  |z τ.1 
852 |a INST  |b SAMOS  |e 19991118  |h 005.74 ELM  |p 005300016694  |q 005300016694  |t BK  |y 0  |z τ.1 
852 |a INST  |b SAMOS  |e 19991118  |h 005.74 ELM  |p 005300016695  |q 005300016695  |t BK  |y 0  |z τ.1 
852 |a INST  |b SAMOS  |e 19991118  |h 005.74 ELM  |p 005300016696  |q 005300016696  |t BK  |y 0  |z τ.1 
852 |a INST  |b SAMOS  |e 19991118  |h 005.74 ELM  |p 005300016697  |q 005300016697  |t BK  |y 0  |z τ.1 
852 |a INST  |b SAMOS  |e 20000522  |h 005.74 ELM  |p 005300017218  |q 005300017218  |t BK  |y 0  |z τ.2 
852 |a INST  |b SAMOS  |e 20000522  |h 005.74 ELM  |p 005300017219  |q 005300017219  |t BK  |y 0  |z τ.2 
852 |a INST  |b SAMOS  |e 20000522  |h 005.74 ELM  |p 005300017220  |q 005300017220  |t BK  |y 0  |z τ.2 
852 |a INST  |b SAMOS  |e 20000522  |h 005.74 ELM  |p 005300017221  |q 005300017221  |t BK  |y 0  |z τ.2 
852 |a INST  |b SAMOS  |e 20000522  |h 005.74 ELM  |p 005300017222  |q 005300017222  |t BK  |y 0  |z τ.2 
852 |a INST  |b SAMOS  |e 19991118  |h 005.74 ELM  |p 005300016693  |q 005300016693  |t BK  |v τ.1:  |y 23  |z τ.1 
852 |a INST  |b SAMOS  |e 19991118  |h 005.74 ELM  |p 005300016694  |q 005300016694  |t BK  |v τ.1:  |y 0  |z τ.1 
852 |a INST  |b SAMOS  |e 19991118  |h 005.74 ELM  |p 005300016695  |q 005300016695  |t BK  |v τ.1:  |y 0  |z τ.1 
852 |a INST  |b SAMOS  |e 19991118  |h 005.74 ELM  |p 005300016696  |q 005300016696  |t BK  |v τ.1:  |y 0  |z τ.1 
852 |a INST  |b SAMOS  |e 19991118  |h 005.74 ELM  |p 005300016697  |q 005300016697  |t BK  |v τ.1:  |y 0  |z τ.1 
852 |a INST  |b SAMOS  |e 20000522  |h 005.74 ELM  |p 005300017218  |q 005300017218  |t BK  |v τ.2:  |y 0  |z τ.2 
852 |a INST  |b SAMOS  |e 20000522  |h 005.74 ELM  |p 005300017219  |q 005300017219  |t BK  |v τ.2:  |y 0  |z τ.2 
852 |a INST  |b SAMOS  |e 20000522  |h 005.74 ELM  |p 005300017220  |q 005300017220  |t BK  |v τ.2:  |y 0  |z τ.2 
852 |a INST  |b SAMOS  |e 20000522  |h 005.74 ELM  |p 005300017221  |q 005300017221  |t BK  |v τ.2:  |y 0  |z τ.2 
852 |a INST  |b SAMOS  |e 20000522  |h 005.74 ELM  |p 005300017222  |q 005300017222  |t BK  |v τ.2:  |y 0  |z τ.2 
852 |a INST  |b SYROS  |e 20011005  |h 005.74 ELM  |p 005500000943  |q 005500000943  |t BK  |y 0  |z τ.2 
852 |a INST  |b SYROS  |e 20011005  |h 005.74 ELM  |p 005500000969  |q 005500000969  |t BK  |y 0  |z τ.1 
852 |a INST  |b SYROS  |e 20011005  |h 005.74 ELM  |p 005500000943  |q 005500000943  |t BK  |v τ.2:  |y 0  |z τ.2 
852 |a INST  |b SYROS  |e 20011005  |h 005.74 ELM  |p 005500000969  |q 005500000969  |t BK  |v τ.1:  |y 0  |z τ.1 
853 |a INST  |b RHODES  |h 005.74 ELM 
853 |a INST  |b SAMOS  |h 005.74 ELM 
853 |a INST  |b SYROS  |h 005.74 ELM 
901 |a BIBL5-2001-3 
901 |a BIBL3-2000-2 
901 |a BIBL3-1999-3 
901 |a BIBL-1999-1 
922 |a 4ΕΛΗ  |b 199811  |c ΚΠΣ/ΔΕ  |d EMVASIS 
970 |a Πουρνάρας  |b Δημήτρης  |z 18/11/1999